| 000 | 00872nim a2200277 i 4500 | ||
|---|---|---|---|
| 001 | bg | ||
| 245 | 0 | 3 |
_aThe Spoken word - Robert Graves. _h[Dok. dźw.]. / _cThe British Library ; BBC. |
| 246 | 3 | 0 | _aSpoken word -Robert Graves |
| 246 | 3 | 0 | _aRobert Graves |
| 260 |
_a[s.l.] : _bThe British Library ; _bBBC, _c2008. |
||
| 300 |
_a1 pyta CD (36 min) ; _c12 cm. |
||
| 500 | _aPojemnik : 12x14x1 cm. | ||
| 650 | 9 | _aJęzyk angielski | |
| 650 | 9 |
_aPoezja angielska _zWielka Brytania _y20 w. |
|
| 650 | 9 |
_aRobert Graves (1895-1985) _xtwórczość |
|
| 655 | _aDokumenty dźwiękowe | ||
| 020 | _a9780712305518 | ||
| 040 | _cBPK | ||
| 041 | 0 | _aeng | |
| 044 | _aGBR | ||
| 080 | _a821.111-1(0.034.44) | ||
| 920 | _a978-0-7123-0551-8 | ||
| 942 | _cCD | ||
| 008 | 100723s2008 uk |000 0 eng | ||
| 999 |
_c41192 _d41192 |
||
| 856 |
_uhttp://koha.tu.koszalin.pl/cgi-bin/koha/opac-detail.pl?biblionumber=41192 _yKatalog online BPK |
||